00371nam a2200133Ia 4500008004100000020001500041041001200056082002300068100002000091245005500111260002700166300001100193650003300204231217s9999 xx 000 0 und d a8178815281 aEnglish a658.3142 RAM;1 R aRamani, V V ed. 0aEmployee rewards and recognition : an introduction c2005bIcfaiaHyderabad ax, 191 aEmployee,rewards,recognition